000 00935nam a22003257a 4500
001 BR0703802
003 BR-BrBNA
005 20230928102515.0
007 ta
008 230509b bl.||||| |||| 00| 0 por d
040 _aBR-BrBNA
_bpor
_cBiblioteca Nacional de Agricultura
041 _a(Por)
072 _aD50; H01; L70
090 _ D50 BR0703802
110 1 _aSecretaria de Defesa Agropecuária, Brasília, DF (Brasil)
_98722
245 1 _aManual de procedimentos operativos da vigilância agropecuária internacional
260 3 _aBrasília, DF (Brasil):
_c1998.
300 _a86 p.
650 _aDEFESA VEGETAL
650 _aDEFESA ANIMAL
650 _aINSPEÇÃO VEGETAL
650 _aINSPEÇÃO VETERINÁRIA
650 _aINSPEÇÃO SANITÁRIA
650 _aLEGISLAÇÃO
650 _aPORTARIA
650 _aEXPORTAÇÃO
650 _aIMPORTAÇÃO
909 _a202309
_bLucia
_c55
_dLucia Elande
942 _cBK
999 _c71109
_d71109